LEADER 01034nam a2200241 i 4500 001 000000117911 003 CaOOAMICUS 005 20030912000000.0 008 030912s1966 fr u000 u fre u 013 $a90603 040 $aSeMil$bita 100 1 $aBazelaire, Max : de .$0(OLS)http://semarc/name/49212 245 13$aLe Père de Clorivière (1735-1820) :$bsimple esquisse /$cMax de Bazelaire. 260 $a[S.l. :$bs.n.],$ccopyr. 1966$e(Toulouse :$fFournié,$gcopyr. 1966) 300 $a95 p. ;$c21 cm. 500 $aContiene : Ouvrages consultés. - Fondo Card. C.M. Martini. 600 14$aClorivière, Pierre-Joseph Picot : de .$0(OLS)http://semarc/subject/16602 850 $aSeMil 852 $aSeMil$W1$xVenegono$y1$m3J II 58$j73252$B73252$CSeMilBibl$Z2$F101905 $81 941 1 $a4 961 $aOmaggio: Martini Card. Carlo Maria 996 $6245$aLe Père de Clorivière (1735-1820) :$bsimple esquisse$9(OLS)http://semarc/title/173150 996 $6260$a[S.l. :$bs.n.]$9(OLS)http://semarc/publisher/29751 LEADER 01461nam a2200289 i 4500 001 000000099046 003 CaOOAMICUS 005 20171026000000.0 008 171026s2013 it u000 u ita u 013 $a71198 020 $a978-88-8123-817-0 040 $aSeMil$bita 100 1 $aCorini, Gabriele Maria,$c.$0(OLS)http://semarc/name/93717 245 12$aL'amico dello sposo :$bstoria di un'amicizia straordinaria con Carlo Maria Martini /$cGabriele Corini ; con discorsi inediti di C. M. Martini. 260 $aMilano :$bIn Dialogo,$c2013. 300 $a110 p. ;$c21 cm. 500 $aCon dedica dell'autore. - Dono di mons. M. Delpini Arcivescovo di Milano. 600 14$aMartini, Carlo Maria .$0(OLS)http://semarc/subject/8972 650 4$aMartini, Carlo Maria - Lettere e carteggi.$0(OLS)http://semarc/subject/45854 700 1 $aMartini, Carlo Maria,$c.$0(OLS)http://semarc/name/89159 850 $aSeMil 852 $aSeMil$W1$xVenegono$y1$m2F II 635$j56697$B56697$CSeMilBibl$Z2$F66557 $81 941 1 $a7 961 $aOmaggio: Delpini mons. Mario 996 $6020$a978-88-8123-817-0$9(OLS)http://semarc/number/272310 996 $6245$aL'amico dello sposo :$bstoria di un'amicizia straordinaria con Carlo Maria Martini$9(OLS)http://semarc/title/406418 996 $6260$aMilano :$bIn Dialogo$9(OLS)http://semarc/publisher/31663